000 00714nam a2200229 i 4500
001 bg
100 1 _aJerzak, Mieczysław Władysław.
245 _aOrganizatoryka inżynierska.
_nCz. 2,
_pTechniki organiztaorskie /
_cMieczysław W. Jerzak ; Politechnika Częstochowska.
260 _aCzęstochowa :
_bWydaw. PC,
_c1994.
300 _a248, [1] s., [1] k. tabl. :
_brys. ;
_c24 cm.
504 _aBibliogr. przy rozdz.
650 9 _aZarządzanie
_xmetody
650 9 _aOrganizacja
_xmetody
655 _aPodręczniki akademickie
020 _a8385031367
040 _cBPK
041 0 _apl
080 _a65.012.4(075.8)
920 _a83-85031-36-7
942 _cKS
008 s pl f |000 0 pol
999 _c6729
_d6729
856 _uhttp://koha.tu.koszalin.pl/cgi-bin/koha/opac-detail.pl?biblionumber=6729
_yKatalog online BPK